[Event "FRA-ch op-D"]
[Site "Caen"]
[Date "2011.08.20"]
[Round "5"]
[White "Rivollier, Frederic"]
[Black "Jacquet, Damien"]
[Result "1/2-1/2"]
[WhiteElo "1469"]
[BlackElo "1333"]
[PlyCount "45"]
[EventDate "2011.08.16"]
[EventType "swiss"]
[EventRounds "9"]
[EventCountry "FRA"]
[SourceTitle "EXT 2012"]
[Source "ChessBase"]
[SourceDate "2011.11.24"]
[SourceVersion "1"]
[SourceVersionDate "2011.11.24"]
[SourceQuality "1"]

1. b3 c5 2. Bb2 Nc6 3. e3 d5 4. Bb5 a6 5. Bxc6+ bxc6 6. Nf3 Bg4 7. h3 Bh5 8. g4 Bg6 9. d3 f6 10. Nbd2 e5 11. Nh4 Bf7 12. Nf5 g6 13. Ng3 Bd6 14. e4 Bc7 15. Qe2 Ba5 16. 0-0 h5 17. Kg2 Qd7 18. f3 Ne7 19. Rad1 Qc7 20. Qf2 Bb6 21. Qe1 h4 22. Ne2 g5 23. c4 1/2-1/2